Statistiques concernant Test culture générale- 1

Cliquez ici pour prendre le quiz!

Statistiques générales

  • Ce quiz a été pris 4 050 fois
  • Le résultat moyen est 7 sur 10

Statistiques - réponses

QuestionsRéponses% Correct
Dans quel pays peut-on trouver la Catalogne, L’Andalousie et la Castille?L’Espagne
98%
Quel célèbre dictateur dirigea l’URSS du milieu des années 1920 à 1953?Staline
95%
Quel pays a remporté la coupe du monde de football en 2014?L’Allemagne
86%
Quel est l’animal le plus rapide sur Terre?Le guépard
83%
Qui a dit: « Le sort en est jeté » (Alea jacta est)?Jules César
72%
Qui était le dieu de la guerre dans la mythologie grecque?Arès
60%
Par quel mot désigne-t-on une belle-mère cruelle?Une marâtre
49%
Dans quelle ville italienne l’action de la pièce de Shakespeare « Roméo et Juliette » se situe-t-elle?Vérone
48%
À qui doit-on la chanson « I Shot the Sheriff »?Bob Marley
34%
Quel cinéaste a réalisé « Parle avec elle » et « Volver »?Pedro Almodovar
26%

Distribution des résultats

Percentile par nombre de réponses

% des personnes avec chaque résultat

Votre développement - résultats

Vous n’avez pas pris ce quiz